Les Ciutats sostenibles necessiten la participació ciutadana
Descripción Física:
55 p. ; 29 cm
MARC
| LEADER | 00000nam a2200000Ia 4500 | ||
|---|---|---|---|
| 001 | 22782 | ||
| 008 | 160829s2000 xx 000 0 cat d | ||
| 080 | |a C-3-315 | ||
| 245 | |a Les Ciutats sostenibles necessiten la participació ciutadana | ||
| 260 | |a Barcelona : |b Diputació de Barcelona. [Àrea de Medi Ambient], |c 2000 | ||
| 300 | |a 55 p. ; |c 29 cm | ||
| 590 | |a Jornada celebrada a Cerdanyola del Vallès, el 5 de maig del 2000 | ||
| 650 | 0 | |a Desenvolupament sostenible |v Congressos |9 39796 | |
| 650 | 0 | |a Participació política |x Congressos |9 46070 | |
| 710 | |a Barcelona (Catalunya : Província). |b Àrea de Medi Ambient |9 52987 | ||
| 901 | |a Arxiu | ||
| 942 | |n 1 | ||
| 952 | |0 0 |1 0 |4 0 |6 C3315 |7 1 |9 52965 |a Arxiu |b Arxiu |d 2016-12-01 |l 0 |o C-3-315 |p 22782 |r 2016-12-01 00:00:00 |w 2016-12-01 |y ARXIU | ||
| 999 | |c 56814 |d 56814 | ||